| 000 | 00761cgm a22002773a 4500 | ||
|---|---|---|---|
| 001 | 13700503 | ||
| 003 | OSt | ||
| 005 | 20240905125515.0 | ||
| 007 | vf bbaho| | ||
| 008 | 040802s198u ua 100 vlara | ||
| 010 | _a 2004636707 | ||
| 020 | _a9789391072834 | ||
| 035 | _a2004636707 | ||
| 040 |
_aDLC _cDLC _dDLC _eamim _dDLC |
||
| 041 | 0 |
_aara _bfre |
|
| 042 | _alcode | ||
| 050 | 0 | 0 | _aVaL 3410 (viewing copy) |
| 082 |
_a892.736 _bMAH/M |
||
| 100 |
_aMahfouz, Naguib _910504 |
||
| 245 | 0 | 0 |
_aMiramar / _cNaguib Mahfouz _bmalayalam |
| 257 | _aEgypt. | ||
| 260 |
_aKerala : _bGreen books, _c2022 |
||
| 300 | _3232 p | ||
| 700 | 1 |
_aMaḥfūẓ, Najīb, _d1911-2006 _99526 |
|
| 942 |
_2ddc _cBK _h892.736 _iMAH/M _k892.736 _mMAH/M |
||
| 999 |
_c42280 _d42280 |
||